XI Roku 2018 Polskich Piłkarzy (wg Tygodnika "Piłka Nożna") - Statystyki

Ogólne statystyki
  • Ten quiz został rozwiązany 104 razy
  • Średni wynik to 10 z 11
Statystyki odpowiedzi
Pozycja Klub Zawodnik % Poprawnych
N Bayern Robert Lewandowski
99%
BR Swansea/WHU Łukasz Fabiański
98%
ŚP Napoli Piotr Zieliński
98%
ŚO Monaco Kamil Glik
97%
PO Dortmund Łukasz Piszczek
97%
ŚPD WBA/Lokomotiw Grzegorz Krychowiak
95%
ŚO Southampton Jan Bednarek
95%
LS Hull Kamil Grosicki
93%
LO Lokomotiw Maciej Rybus
93%
ŚP Utrecht/Leeds Mateusz Klich
88%
PS Górnik/Dinamo Z. Damian Kądzior
52%
Nie znaleziono quizów pasujących do podanych kryteriów
Rozkład punktacji
Procent ludzi z każdym wynikiem
Percentyl według liczby udzielonych odpowiedzi
Twoja historia wyników
Nie rozwiązałeś tego quizu